000 00341nam a22001457a 4500
008 230707b ||||| |||| 00| 0 eng d
020 _a5913919
041 _aeng
080 _2SECOND EDITION
_a159.9
082 _a159.9CRO
100 _a25
101 _aPSI
245 _aESSENTIALS OF PSYCHOLOGICAL TESTING
_cCRONBACH
942 _2udc
_cBK
999 _c60121
_d60121